Представление документа в формате RUSMARC

ПолеНазваниеЗначение
  Тип записи a
  Библиографический уровень m
001 Контрольный номер RU/УГОНБ/EK/69227
005 Дата корректировки 20251010122436.5
100 Данные общей обработки __
a Данные общей обработки 20000405d1999 u u0rusy0189 ca
101 Язык документа 0_
a Язык текста rus
102 Страна публикации __
a Страна публикации RU
105 Кодированные данные (монография) __
a Кодированные данные (монография) y z 000yy
200 Заглавие и сведения об ответственности 1_
a Заглавие Исторические записки
f Первые сведения об ответственности Рос. акад. наук
210 Выходные данные 1_
d Дата издания 1999
a Место издания Москва
c Издательство Наука
215 Физическое описание __
d Формат 22 см
330 Аннотация __
a Аннотация В сб. представлены одна из последних статей акад. о проблемах аг- рарной истории России и исследования о его научном творчестве.
461 Уровень набора _0
1 2001
a Исторические записки
f Рос. акад. наук
v Вып. 2 (120)
1 2101
a М.
c Наука
1 215
d 22 см
1 71202
a Российская академия наук
4 570
463 Уровень физической единицы _0
1 010
a 5-02-009083-2
d 25 р.
9 600 экз.
1 2001
a Памяти академика И.Д. Ковальченко
f ред. Г.Н. Севостьянов
v Вып. 2 (120)
1 2101
d 1999
1 215
a 352 с.
1 300
a В пер.
1 702 1
a Севостьянов
b Г.Н.
4 340
1 71202
a Российская академия наук
4 570
606 Тематические рубрики 0_
a Основная рубрика Историческая наука в СССР
j Формальный подзаголовок Сборники
606 Тематические рубрики 0_
a Основная рубрика Всемирная история
610 Ключевые слова 0_
a Ключевые слова всемирная история
610 Ключевые слова 0_
a Ключевые слова историческая наука
686 Индексы других классификаций __
a Классификационный индекс 63.1(2)
2 Код системы rubbk
686 Индексы других классификаций __
a Классификационный индекс 63.3(0)
2 Код системы rubbk
712 Наименование организации (Вторичная ответственность) 02
a Организация/ юрисдикция Российская академия наук
4 Код отношения 570
801 Источник записи _0
a Страна RU
b Организация Ульяновская ОНБ
c Дата составления 20000405
g Правила каталогизации PSBO
801 Источник записи _1
a Страна RU
b Организация Ульяновская ОНБ
c Дата составления 20000405
901 Тип документа __
t Тип документа n
938 Служебная информация __
a Имя БД books
b Имя библиотеки УОНБ
c Имя АИБС МАРК-SQL
d Номер DOC_ID в БД 247304